000 00715nam a2200229Ia 4500
005 20241129110047.0
008 241129s9999||||xx |||||||||||||| ||und||
020 _a9789004449817
037 _aTB
040 _aARTS
_beng
_cARTS
041 _aeng
_2san
084 _aO15,2:g 111R2
_qARTS
100 _aGanser Elisa Au.
_9727065
245 0 _aTheatre and its other: abhinavagupta on dance and dramatic acting
_cGanser Elisa Au.
260 _aNetherlands
_bLeiden Brill The Netherlands
_c2023
300 _axii,413p.
365 _aEUR
_b70
546 _aTranslated from Sanskrit to English
650 _aSanskrit DramaCriticism
_9727066
942 _cTB
_hO15,2:g 111R2
999 _c1227159
_d1227159